| 000 | 00841nam a2200265 i 4500 | ||
|---|---|---|---|
| 003 | DO-SdBNP | ||
| 005 | 20260416080433.0 | ||
| 007 | ta | ||
| 008 | 260416b2008 dr c|||| |||| 00| 0 spa d | ||
| 020 | _a9789945162073 | ||
| 040 |
_aDO-SdBNP _bspa _cBNPHU _erda |
||
| 041 | _aspa | ||
| 082 | 4 |
_axxx _bxxx _222 |
|
| 245 | 0 | 0 |
_a¿Cuándo has visto salir medio sol ? : _bantología poética / _ceditor y prólogo, Rei Berroa |
| 264 | 4 |
_aSanto Domingo : _bEditora Búho, _c©2008. |
|
| 300 |
_a295 páginas : _bretratos ; _c22 cm. |
||
| 336 |
_atexto _btxt _2rdacontent |
||
| 337 |
_asin mediación _bn _2rdamedia |
||
| 338 |
_avolumen _bnc _2rdacarrier |
||
| 490 |
_aColección Libros de La Luna _v3 |
||
| 590 | _aInventariado, 2026/BT | ||
| 700 | 1 |
_aBerroa, Rei, _eeditor y prologuista _4ed. y pr. _9319 |
|
| 910 | _aBtavárez | ||
| 942 |
_2ddc _cLBS1 |
||
| 999 |
_c60557 _d60557 |
||